000 00506cam a22002171 4500
001 sa 64000445
003 DLC
005 20260227111956.0
008 890511s1963 ii 000 0 hino
010 _asa 64000445
035 _a(OCoLC)19693705
040 _aDLC
_cWaU
_dDLC
042 _apremarc
050 0 0 _aPK2098.B494
_bS3
100 1 _aBhaṭanāgara, Mahendra,
_d1926-
245 1 0 _aSantaraṇa.
260 _c[1963]
300 _a106 p.
_c22 cm.
500 _aIn Hindi.
500 _aPoems.
999 _c56230
_d56230